000 00491nam a2200193 a 4500
001 1766824441245
003 YourLibrary
005 20251229124158.0
008 251227s2018##################000#0#eng##
020 _a9780719554285
082 0 4 _a294.309
_bALL
100 1 _aAllen, Charles,
_eauthor.
245 1 0 _aThe Buddha and the Sahibs :
260 _bJohn Murray,
_c2018.
300 _a336 pages
650 0 _aReligion.
942 _cENGLISH
040 _aYourLibrary
_beng
_cYourLibrary
999 _c605671
_d605671